Rian Johnson - Statistics

General Stats
  • This quiz has been taken 11 times
  • The average score is 4 of 5
Answer Stats
Year Genre Answer % Correct
2017 Epic Space Opera Star Wars: The Last Jedi
100%
2005 Neo-Noir Mystery Brick
88%
2019 Mystery Knives Out
88%
2012 Science Fiction Action Looper
88%
2008 Caper Comedy-Drama The Brothers Bloom
63%
No matching quizzes found
Score Distribution
Percent of People with Each Score
Percentile by Number Answered
Your Score History
You have not taken this quiz